000 00479nam a22001577a 4500
005 20240308095844.0
008 240308b |||||||| |||| 00| 0 eng d
041 _aAfrikaans / English
082 _a349 TYD
100 _lAfrikaans / English
245 _aTydskrif vir die Suid-Afrikaanse Reg
260 _aKaapstad :
_bJuta en Kie Beperk,
_c1984
300 _b103 blaadsye ;
_c25 cm.
650 _aLegal practice
_b Law
942 _cCR
_6ALISON_BN_VRIES
999 _c1420
_d1420